Bière allemandes - Statistiques

Statistiques générales
  • Ce quiz a été pris 25 fois
  • Le résultat moyen est 3 sur 10
Statistiques - réponses
Hint Réponse % Correct
2 Paulaner
91%
10 Bitburger
35%
8 Franziskaner
35%
5 Erdinger
30%
4 Rothaus
26%
6 Spaten
17%
9 Köstritzer
13%
7 Schneider
13%
1 Weihenstephaner
13%
3 Augustiner
9%
Aucun quiz correspondant
Distribution des résultats
% des personnes avec chaque résultat
Percentile par nombre de réponses
Votre historique - résultats
Vous n’avez pas pris ce quiz